अध्यापन कर्म, अध्यापक की छवि व अस्मिता/ (Record no. 206407)
[ view plain ]
| 000 -LEADER | |
|---|---|
| fixed length control field | 00938nam a22002057a 4500 |
| 005 - DATE AND TIME OF LATEST TRANSACTION | |
| control field | 20241015121535.0 |
| 010 ## - LCCN (DPL NO) | |
| LC control number | HIN-128624 |
| 020 ## - INTERNATIONAL STANDARD BOOK NUMBER | |
| International Standard Book Number | 9789390678549 |
| Terms of availability | 895.00 |
| 035 ## - SYSTEM CONTROL NUMBER | |
| System control number | HN-100970 |
| 037 ## - SOURCE OF ACQUISITION | |
| Source of stock number/acquisition | DBAD |
| 082 ## - DEWEY DECIMAL CLASSIFICATION NUMBER | |
| Classification number | 370.71 |
| 100 ## - MAIN ENTRY--PERSONAL NAME | |
| Personal name | नाग, शिवानी |
| 245 ## - TITLE STATEMENT | |
| Title | अध्यापन कर्म, अध्यापक की छवि व अस्मिता/ |
| Statement of responsibility, etc | शिवानी नाग...(et:al) |
| 250 ## - EDITION STATEMENT | |
| Edition statement | प्रथम |
| 260 ## - PUBLICATION, DISTRIBUTION, ETC. (IMPRINT) | |
| Place of publication, distribution, etc | दिल्ली |
| Name of publisher, distributor, etc | वाणी प्रकाशन |
| Date of publication, distribution, etc | 2021 |
| 270 ## - ADDRESS | |
| Address | 4695,21 ए दरियागंज |
| City | नई दिल्ली |
| Postal code | 110002 |
| Electronic mail address | marketing@vaniprakashan.in |
| -- | sales@vaniprakashan.in |
| Telephone number | 91 11 23273167 |
| 300 ## - PHYSICAL DESCRIPTION | |
| Extent | 464 पृ. |
| Dimensions | 22 सेमी (सजिल्द) |
| 700 ## - ADDED ENTRY--PERSONAL NAME | |
| Personal name | हृदय कान्त दीवान: मनोज कुमार |
| 9 (RLIN) | 72829 |
| 942 ## - ADDED ENTRY ELEMENTS (KOHA) | |
| Item type | Hindi Books |
| Source of classification or shelving scheme | Dewey Decimal Classification |
| Classification part | 370.71 |
| Call number suffix | नागशि |
| Edition | 2021 |
| Withdrawn status | Lost status | Not for loan | Collection code | Home library | Current library | Date acquired | Source of acquisition | Cost, normal purchase price | Full call number | Barcode | Copy number | Cost, replacement price | Koha item type |
|---|---|---|---|---|---|---|---|---|---|---|---|---|---|
| Non-fiction | Kadipur | Kadipur | 15/10/2024 | DBAD | 895.00 | 370.71 नागशि | HN-100970 | 1 | 895.00 | Hindi Books |
